| 000 | 00810nam a2200229 i 4500 | ||
|---|---|---|---|
| 001 | 135294 | ||
| 003 | ES-MaACL | ||
| 005 | 20260214063017.0 | ||
| 007 | t| | ||
| 008 | 070716s1913 xxk ||||1| eng d | ||
| 080 | _a304.9 | ||
| 100 | 0 |
_aTomás Moro, _cSanto, _d1478-1535 _9110523 |
|
| 245 | 1 | 0 |
_aUtopía / _cSanto Tomás Moro ; translated by Raphe Robynson, Together with the life of Sir Thomas More, by his soninlaw, William Roper ; edited by J. Rawson Lumby. |
| 260 |
_aCambridge : _bUniversity Press, _c1913. |
||
| 300 |
_aXIX, I-LVI, 259 p. ; _c17 cm. |
||
| 650 | 4 |
_aUtopías- _vObras anteriores a 1800. _9143346 |
|
| 700 | 1 |
_aRobynson, Raphe. _997967 |
|
| 700 | 1 |
_aRoper, William. _999538 |
|
| 700 | 1 |
_aLumby, J. Rawson. _974738 |
|
| 852 |
_aES-MaACL _jG-1312 |
||
| 999 |
_c135294 _d135294 |
||